ប្រសិទ្ធភាពនៃ PARAMEC-10 លើវត្តមានបរាសិតខាងក្នុងក្រពះ ពោះវៀនរបស់សុខន នៅក្នុងស្រុកអង្គស្នួល ខេត្តកណ្តាល. (Record no. 2534)
[ view plain ]
| 000 -LEADER | |
|---|---|
| fixed length control field | 00640nam a22001577a 4500 |
| 003 - CONTROL NUMBER IDENTIFIER | |
| control field | OSt |
| 005 - DATE AND TIME OF LATEST TRANSACTION | |
| control field | 20151022172840.0 |
| 008 - FIXED-LENGTH DATA ELEMENTS--GENERAL INFORMATION | |
| fixed length control field | 151022b xxu||||| |||| 00| 0 eng d |
| 040 ## - CATALOGING SOURCE | |
| Transcribing agency | RUA |
| 082 ## - DEWEY DECIMAL CLASSIFICATION NUMBER | |
| Classification number | AVM BOU 2011 B100 Or.1 |
| 100 ## - MAIN ENTRY--PERSONAL NAME | |
| 9 (RLIN) | 2709 |
| Personal name | BOU, SOPHEAP. |
| 245 ## - TITLE STATEMENT | |
| Title | ប្រសិទ្ធភាពនៃ PARAMEC-10 លើវត្តមានបរាសិតខាងក្នុងក្រពះ ពោះវៀនរបស់សុខន នៅក្នុងស្រុកអង្គស្នួល ខេត្តកណ្តាល. |
| 260 ## - PUBLICATION, DISTRIBUTION, ETC. (IMPRINT) | |
| Place of publication, distribution, etc. | phnom phen |
| Name of publisher, distributor, etc. | RUA |
| Date of publication, distribution, etc. | 2011 |
| 300 ## - PHYSICAL DESCRIPTION | |
| Extent | X, 50p. |
| Other physical details | ill. |
| Dimensions | 29cm. |
| 942 ## - ADDED ENTRY ELEMENTS (KOHA) | |
| Source of classification or shelving scheme | |
| Koha item type | AVM |
| Price effective from | Date last seen | Permanent Location | Not for loan | Date acquired | Source of classification or shelving scheme | Koha item type | Lost status | Withdrawn status | Date last checked out | Total Checkouts | Shelving location | Damaged status | Barcode | Current Location | Full call number |
|---|---|---|---|---|---|---|---|---|---|---|---|---|---|---|---|
| 2015-10-22 | 2015-10-22 | Library Block B | 2015-10-22 | AVM | B100 | RUA009732 | Library Block B | AVM BOU 2011 B100 Or.1 | |||||||
| 2015-10-22 | 2018-05-28 | Library Block B | 2015-10-22 | AVM | 2018-05-22 | 1 | B100 | RUA009830 | Library Block B | AVM BOU 2011 B100 Or.2 | |||||
| 2015-10-22 | 2015-10-22 | Library Block B | 2015-10-22 | AVM | B100 | RUA009948 | Library Block B | AVM BOU 2011 B100 Or.3 | |||||||
| 2015-10-22 | 2022-12-21 | Library Block B | 2015-10-22 | AVM | 2022-12-16 | 5 | B100 | RUA016664 | Library Block B | AVM BOU 2011 B100 Or.4 | |||||
| 2015-10-22 | 2015-10-22 | Library Block B | 2015-10-22 | AVM | B100 | RUA007711 | Library Block B | AVM BOU 2011 B100 Or.5 | |||||||
| 2015-10-22 | 2015-10-22 | Library Block B | 2015-10-22 | AVM | B100 | RUA016736 | Library Block B | AVM BOU 2011 B100 Or.6 | |||||||
| 2015-10-22 | 2015-10-22 | Library Block B | 2015-10-22 | AVM | B100 | RUA018732 | Library Block B | AVM BOU 2011 B100 Or.7 |